| 000 | 00000nas 2200000za 4500 |
| 001 | 9.838179 |
| 003 | CaOODSP |
| 005 | 20221107151322 |
| 007 | cr ||||||||||| |
| 008 | 170613d18671867qucar p os f0###a0eng|d |
| 022 | |y0383-8366 |
| 040 | |aCaOODSP|beng |
| 043 | |an-cn---|anw---- |
| 086 | 1 |aCS11-202E-PDF |
| 245 | 00|aYear-book and almanac of British North America for ... |h[electronic resource]. |
| 260 | |aMontreal : |bLowe & Chamberlin, |c1866. |
| 310 | |aAnnual |
| 362 | 0 |a1867. |
| 500 | |aDigitized edition from print [produced by Statistics Canada]. |
| 500 | |a"Being an annual register of political, vital, and trade statistics, customs tariffs, excise and stamp duties; and public events of interest in Upper and Lower Canada, New Brunswick, Nova Scotia, Prince Edward Island, Newfoundland, and the West Indies." |
| 520 | |aCharts key trends and indicators in the nation's economy, population, society and environment. |
| 692 | 07|2gccst|aStatistics |
| 692 | 07|2gccst|aAlmanacs |
| 710 | 2 |aStatistics Canada. |
| 785 | 00|tThe year book and almanac of Canada for ... |w(CaOODSP)9.838182 |